000
00335nam a2200145Ia 4500
003
OSt
005
20240103113731.0
008
170523s9999 xx 000 0 und d
020
_a
9789350143261
040
_c
iimtu
100
_a
Upadhyay-Vikas
245
0
_a
Manufacturing Science
260
_a
S.K. Kataria & Soons
942
_2
ddc
_c
02
999
_c
11979
_d
11979